| 000 | 010320000a22003130004500 | ||
|---|---|---|---|
| 090 |
_aAR _b03393 |
||
| 245 | 1 | 0 | _aContribución al estudio de los Rhinocryptidos y Cotingidos de Colombia: entregas 4 y 5 |
| 500 | _a<Colección Aves> | ||
| 650 | 1 | 4 |
_aOrnitología _993189 |
| 650 | 1 | 4 |
_aAves _992429 |
| 650 | 1 | 4 |
_aDistribución geográfica _992997 |
| 650 | 1 | 4 |
_aEtología _97606 |
| 650 | 1 | 4 |
_aMorfología animal _99953 |
| 650 | 1 | 4 |
_aSistemática animal _992968 |
| 650 | 1 | 4 |
_aBiogeografía _992747 |
| 651 | 4 |
_pVenezuela _992749 |
|
| 651 | 4 |
_pEcuador _992749 |
|
| 651 | 4 |
_pPerú _992749 |
|
| 651 | 4 |
_pBolivia _992749 |
|
| 651 | 4 |
_pColombia _992749 |
|
| 653 |
_gScytalopus _eScytalopus unicolor |
||
| 653 |
_gScytalopus _eScytalopus latebricola |
||
| 041 | 0 | _aEspañol | |
| 700 | 1 |
_aMateus Pineda, Celso Libardo _997003 |
|
| 700 | 1 |
_aOviedo Plaza, Gamaliel _997004 |
|
| 100 | 1 |
_aLafrancesco V., Giovanni M. _997005 |
|
| 942 | _cARTICULO | ||
| 773 | 1 |
_tBoletín Científico de la Universidad de la Salle _3182 _h1 _q103-141 _d1988 _g3 |
|
| 999 |
_c12444 _d12444 |
||